000 00681nam a2200217Ia 4500
005 20241129105943.0
008 241129s9999||||xx |||||||||||||| ||und||
020 _a978-93-5518-813-7
037 _aTB
040 _aARTS
_bhin
_cARTS
041 _ahin
_2hin
084 _aO152,2N52,DL R2
_qARTS
100 _aउदय प्रकाश, ले.
245 0 _aडबल लाइफ
_cउदय प्रकाश, ले.
260 _aनई दिल्ली, भारत
_bवाणी प्रकाशन
_c2023
300 _a248पृ0
365 _aINR
_b499
650 _aHindi Drama
942 _cTB
_hO152,2N52,DL R2
999 _c1226744
_d1226744